The psychology behind motivation of employees in small enterprises

Bibliographic Details
Main Author: Nagy Péter
Other Authors: Papp Judit
Format: Thesis
Kulcsszavak:Employee motivation
Compensation
Performance enhancement
Online Access:http://dolgozattar.uni-bge.hu/18814

MARC

LEADER 00000nta a2200000 i 4500
001 dolg18814
005 20190301111147.0
008 181203suuuu hu om 000 eng d
040 |a BGE Dolgozattár Repozitórium  |b hun 
041 |a en 
100 1 |a Nagy Péter 
245 1 4 |a The psychology behind motivation of employees in small enterprises  |c Nagy Péter  |h [elektronikus dokumentum] 
246 1 1 |a The psychology behind motivation of employees in small enterprises 
695 |a Employee motivation 
695 |a Compensation 
695 |a Performance enhancement 
700 1 |a Papp Judit  |e ths 
856 4 0 |u http://dolgozattar.uni-bge.hu/18814/1/Dissertation%20final%20version%20Peter%20Nagy%202018.pdf  |z Dokumentum-elérés